Vybrané statě z inženýrského experimentu

Guardado en:
Detalles Bibliográficos
Autor principal: Čáp, Jaroslav
Formato: Libro
Lenguaje:checo
Publicado: Žilina Dom techn. ČSVTS 1990
Edición:1. vyd.
Etiquetas: Agregar Etiqueta
Sin Etiquetas, Sea el primero en etiquetar este registro!

MARC

LEADER 00000nam a2200000 4500
001 c036323
005 20221215071859.3
041 0 |a cze 
044 |a SK 
245 1 0 |a Vybrané statě z inženýrského experimentu  |c Jaroslav Čáp 
250 |a 1. vyd. 
264 1 |a Žilina  |b Dom techn. ČSVTS  |c 1990 
300 |a 35 s. 
100 1 |a Čáp, Jaroslav